书目信息 |
| 题名: |
国史要义
|
|
| 作者: | 柳诒徵 撰 | |
| 分册: | ||
| 出版信息: | 上海 上海古籍出版社 2007.03 |
|
| 页数: | 271页 | |
| 开本: | 23cm | |
| 丛书名: | 世纪人文系列丛书 | |
| 单 册: | ||
| 中图分类: | K207 | |
| 科图分类: | ||
| 主题词: | 史评--shi ping--中国 | |
| 电子资源: | ||
| ISBN: | 978-7-5325-4343-4 | |
| 000 | 00846nam 2200253 450 | |
| 001 | 012007273495 | |
| 005 | 20071106095353.25 | |
| 010 | @a978-7-5325-4343-4@dCNY29.30 | |
| 100 | @a20070924d2007 km y0chiy0120 ea | |
| 101 | 0 | @achi |
| 102 | @aCN@b310000 | |
| 105 | @ay z 000yy | |
| 106 | @ar | |
| 200 | 1 | @a国史要义@Aguo shi yao yi@f柳诒徵撰@Fliu yi cheng zhuan |
| 210 | @a上海@c上海古籍出版社@d2007.03 | |
| 215 | @a271页@d23cm | |
| 225 | 2 | @a世纪人文系列丛书@Ashi ji ren wen xi lie cong shu@i世纪文库 |
| 330 | @a本书历溯二千年史书源流,遍收诸子百家名论,既有史学起源、演进方面史迹的梳理,也不乏经史义理与史书编纂的精彩点评。 | |
| 410 | 0 | @12001 @a世纪人文系列丛书@i世纪文库 |
| 606 | 0 | @a史评@Ashi ping@y中国 |
| 690 | @aK207@v4 | |
| 701 | 0 | @a柳诒徵@Aliu yi cheng@4撰 |
| 801 | 0 | @aCN@b@c20071106 |
| 905 | @b264203-05@dK207@eL757@f3 | |
| 国史要义/柳诒徵撰.-上海:上海古籍出版社,2007.03 |
| 271页;23cm.-(世纪人文系列丛书.世纪文库) |
| ISBN 978-7-5325-4343-4:CNY29.30 |
| 本书历溯二千年史书源流,遍收诸子百家名论,既有史学起源、演进方面史迹的梳理,也不乏经史义理与史书编纂的精彩点评。 |
| ● |
| 相关链接 |
|
|
|
正题名:国史要义
索取号:K207/L757
 
预约/预借
| 序号 | 登录号 | 条形码 | 馆藏地/架位号 | 状态 | 备注 |
| 1 | 264203 | 202642033 | 社科库309/309社科库 31排2列1层/ [索取号:K207/L757] | 在馆 | |
| 2 | 264204 | 202642042 | 社科库309/309社科库 31排2列1层/ [索取号:K207/L757] | 在馆 | |
| 3 | 264205 | 202642051 | 社科库309/309社科库 31排2列1层/ [索取号:K207/L757] | 在馆 |